Grande ville brésilienne par numéro de téléphone - Statistiques

Statistiques générales
  • Ce quiz a été pris 13 fois
  • Le résultat moyen est 7 sur 67
Statistiques - réponses
Hint Réponse % Correct
11 Sao paulo
100%
61 Brasilia
80%
21 Rio de Janeiro
80%
81 Recife
40%
31 Belo Horizonte
30%
85 Fortaleza
30%
91 Belem
20%
41 Curitiba
20%
84 Natal
20%
51 Porto Alegre
20%
71 Salvador
20%
79 Aracaju
10%
14 Bauru
10%
19 Campinas
10%
67 Campo Grande
10%
65 Cuiaba
10%
48 Florianopolis
10%
62 Goiania
10%
83 Joao Pessoa
10%
32 Juiz de Fora
10%
43 Londrina
10%
82 Maceio
10%
92 Manaus
10%
44 Maringa
10%
53 Pelotas
10%
16 Ribeirao Preto
10%
13 Santos
10%
12 Sao josé dos campos
10%
98 Sao Luis
10%
86 Teresina
10%
34 Uberlandia
10%
27 Vitoria
10%
95 Boa Vista
0%
28 Cachoeiro de Itapemirim
0%
22 Campos dos Goytacazes
0%
45 Cascavel
0%
54 Caxias do Sul
0%
97 Coari
0%
18 Araçatuba
0%
75 Feira de Santana
0%
46 Francisco Beltrao
0%
87 Garanhus
0%
33 Governador Valadares
0%
88 Iguatu
0%
73 Iléus
0%
99 Imperatriz
0%
47 Joinville
0%
49 Lages
0%
96 Macapa
0%
94 Maraba
0%
38 Montes Claros
0%
37 Nova serrana
0%
63 Palmas
0%
89 Picos
0%
42 Ponta Grossa
0%
69 Porto Velho
0%
35 Pouso Alegre
0%
68 Rio Branco
0%
64 Rio verde
0%
55 Santa Maria
0%
93 Santarem
0%
17 Sao José do Rio Preto
0%
74 Senhor do Bonfim
0%
66 Sinop
0%
15 Sorocaba
0%
77 Vitoria de Conquista
0%
24 Volta redonda
0%
Aucun quiz correspondant
Distribution des résultats
% des personnes avec chaque résultat
Percentile par nombre de réponses
Votre historique - résultats
Vous n’avez pas pris ce quiz